Об одном способе аппроксимации в прямой задаче построения сопла гиперзвуковой аэродинамической трубы; Фундаментальные и прикладные проблемы современной механики

Detalhes bibliográficos
Parent link:Фундаментальные и прикладные проблемы современной механики.— 2011.— С. 346-347
Autor principal: Галкин В. М. Владислав Михайлович
Resumo:В фонде НТБ ТПУ отсутствует
Idioma:russo
Publicado em: 2011
Assuntos:
Formato: MixedMaterials Capítulo de Livro
KOHA link:https://koha.lib.tpu.ru/cgi-bin/koha/opac-detail.pl?biblionumber=600220

MARC

LEADER 00000naa0a2200000 4500
001 600220
005 20250804092201.0
035 |a (RuTPU)RU\TPU\tpu\24488 
035 |a RU\TPU\tpu\24486 
090 |a 600220 
100 |a 20140203d2011 k y0rusy50 ca 
101 0 |a rus 
102 |a RU 
200 1 |a Об одном способе аппроксимации в прямой задаче построения сопла гиперзвуковой аэродинамической трубы  |f В. М. Галкин 
333 |a В фонде НТБ ТПУ отсутствует 
463 |t Фундаментальные и прикладные проблемы современной механики  |o материалы VII Всероссийской научной конференции, посвященной 50-летию полета Ю. А. Гагарина и 90-летию со дня рождения основателя и первого директора НИИ ПММ ТГУ А. Д. Колмакова, Томск, 12-14 апреля 2011 г.  |v С. 346-347  |d 2011 
610 1 |a труды учёных ТПУ 
700 1 |a Галкин  |b В. М.  |c геолог  |c доцент Томского политехнического университета, кандидат физико-математических наук  |f 1955-  |g Владислав Михайлович  |3 (RuTPU)RU\TPU\pers\27966 
801 1 |a RU  |b 63413507  |c 20140131 
801 2 |a RU  |b 63413507  |c 20140512  |g RCR 
850 |a 63413507 
942 |c BK